00713 2200253 4500001002100000005001500021035002000036007000300056008004100059020002200100082000800122084001400130100001300144245010900157250001000266260004000276300003300316650003300349700001100382700001900393504002500412990001100437990001100448INLIS00000000000332820190609104038 a0010-0619000077ta190609 g 0 ind  a978-979-692-707-4 a378 a378 SUT d0 aSUTRISNO1 aDesain Kurikulum Perguruan Tinggi :bMengacu Kerangka Kualifikasi Nasional Indonesia /cSutrisno, Suyadi acet.1 aBandung :bRemaja Rosdakarya,c2016 ax, 296 hlm :bilus. ;c24 cm 4aPENDIDIKAN TINGGI. KURIKULUM0 aSUYADI0 aPIPIH, Latifah aBibliografi: 293-296 a6725 a a6725 b